Famous Company and Founder Quiz Stats

 Plays Quiz not verified by Sporcle

Also try: Billy Mays
Challenge
Share
Tweet
Embed
Score 0/25 Timer 10:00
0 Plays Today
% Correct
Steve Jobs and Steve Wozniak
95.5%
Mark Zuckerberg, Eduardo Saverin, Andrew McCollum, Dustin Moskovitz, Chris Hughes
93.9%
Bill Gates and Jeff Allen
92.4%
Henry Ford
90.9%
Sam Walton
86.4%
Glenn Curtiss and Wright Brothers
86.4%
Larry Page and Sergey Brin
83.3%
Rowland Hussey Macy
81.8%
Jeff Bezos
80.3%
Ray Kroc
78.8%
Marcus Loew, Louis B. Mayer and Samuel Goldwyn
77.3%
Alexander Graham Bell
72.7%
John D. Rockefeller
72.7%
% Correct
J.P. Morgan, Andrew Carnegie, Elbert Gary, William Moore
71.2%
Thomas Edison
69.7%
Dave Thomas
69.7%
Charles Chaplin, Mary Pickford, Douglas Fairbanks, D.W. Griffith
69.7%
Rupert Murdoch
66.7%
Harry Cohn, Jack Cohn, and Joe Brandt
34.8%
William Randolph Hearst
33.3%
Charles Lee and Ivan Siedenberg
30.3%
David Sarnoff
25.8%
Emory and Louis Upton
24.2%
John Thompson
22.7%
Billy Durant
16.7%

You're not logged in!

Compare scores with friends on all Sporcle quizzes.
OR
Log In

You Might Also Like...

Show Comments

Extras

Top Quizzes Today


Score Distribution

Your Account Isn't Verified!

In order to create a playlist on Sporcle, you need to verify the email address you used during registration. Go to your Sporcle Settings to finish the process.

Report this User

Report this user for behavior that violates our Community Guidelines.

Details: